[Event "Montebelluna Elite 2020"]
[Site "Montebelluna"]
[Date "2020.01.03"]
[Round "1.1"]
[White "Ter-Sahakyan, Samvel"]
[Black "Pang, Tao"]
[Result "1-0"]
[WhiteElo "2617"]
[BlackElo "2367"]
[Annotator "TA"]
[PlyCount "103"]
[EventDate "2020.01.02"]
[EventType "swiss"]
[EventCountry "ITA"]
[SourceTitle "playchess.com"]
[Source "ChessBase"]
[SourceQuality "1"]

{[%evp 17,103,16,17,-14,0,0,22,-8,0,-8,0,-5,0,-29,-28,-37,0,0,0,0,0,0,0,0,0,0,7,0,26,26,34,31,38,18,20,0,54,26,26,27,27,-49,54,33,33,33,25,25,65,72,125,118,185,186,187,197,187,199,325,304,633,647,599,455,619,623,2763,2784,2637,2637,2618,2443,2212,2107,9449,12832,12822,7504,6319,5605,2003,140,129,174,12839,12839,12848,12849]} 1. e4 e6 2. d4 d5 3. Nc3 Bb4 4. e5 c5 5. a3 Bxc3+ 6. bxc3 Ne7 7. h4 Qa5 8. Bd2 cxd4 9. cxd4 Qa4 $1 10. Bd3 $146 {C18: French: 3 Nc3 Bb4: Main line: 7 h4 and 7 Qg4} ({Predecessor:} 10. h5 h6 11. Qb1 Qxd4 12. Nf3 Qb6 13. Qc1 Qc7 14. Bb4 Nbc6 15. Bb5 Bd7 16. Bxc6 Nxc6 17. Bd6 Qa5+ {0-1 (41) Izzat,K (2473)-Cheng,B (2483) Melbourne 2017}) 10... b6 11. Bb4 Ba6 12. Bxe7 {The position is equal.} Kxe7 13. Ne2 Rc8 14. Bxa6 Nxa6 15. c3 (15. Rc1 {looks sharper.} Kf8 16. O-O Kg8 17. Qd3 Nc7 18. f4) 15... Qxd1+ 16. Kxd1 h5 17. Kd2 Nb8 18. Nf4 g6 19. f3 Nc6 20. g4 hxg4 21. fxg4 Rh8 22. Raf1 Rag8 23. Nh3 Rf8 24. Ng5 Nb8 $1 25. Kd3 Nd7 26. Rf3 Rh6 (26... f6 $11 27. exf6+ Rxf6) 27. a4 {[%cal Ba3a4,Ba4a5,Ba5a6][%mdl 32]} f6 28. exf6+ Rxf6 29. Re3 (29. Rxf6 $11 Nxf6 30. Re1) 29... Nf8 ({Black should play} 29... e5 $1 $15) 30. Nf3 {aiming for g5.} Rf4 31. g5 $36 {[%mdl 2048] White is more active.} Rh7 32. a5 b5 33. a6 Kd6 {[#]} (33... Nd7 $142) 34. Rb1 $1 $16 Nd7 (34... Rc7 $16) 35. Rxb5 $18 Rhf7 {[#]} 36. Ke2 $1 Nb6 37. Ne5 {[%mdl 64] Double Attack} Rf2+ (37... R7f5 $142) 38. Kd3 R7f4 $2 (38... R7f5 39. Re2 (39. Nxg6 {leads to mate.} Nc4 40. Rxe6+ Kxe6 41. Rxd5 Nb2+ {[%mdl 64] Zwischenzug} 42. Ke3 Nd1+ {[%mdl 64] Double Attack} 43. Ke4 Nxc3+ {[%mdl 64] Double Attack} 44. Kd3 R5f3+ 45. Kc4 Nxd5 46. Nf4+ Nxf4 47. g6 Nd5 48. g7 Rc3+ 49. Kb5 Rb2+ 50. Ka4 Rb4+ 51. Ka5 Ra3#) 39... Rf1) 39. Rc5 Na4 {[%cal Ra4b2]} 40. Rc6+ Ke7 {[%cal Ra4b2]} 41. Re2 Nb2+ 42. Rxb2 Rxb2 43. Nxg6+ {[%mdl 64] Double Attack} Kd7 44. Nxf4 Kxc6 {[%mdl 4096] Endgame KR-KN} 45. g6 Kd6 46. g7 Rb8 47. h5 Ke7 48. h6 {Intending h7 and mate.} Kf7 49. Nxe6 $2 (49. c4 $18 {has better winning chances.} dxc4+ 50. Kxc4) 49... Kg8 $16 50. Nf4 Rb6 $2 (50... Kh7 51. Nxd5 Kxh6) 51. Nxd5 $18 Rxh6 52. Ne7+ {Accuracy: White = 55%, Black = 40%.} 1-0

[Event "Montebelluna Elite 2020"]
[Site "Montebelluna"]
[Date "2020.01.03"]
[Round "1.2"]
[White "Peng, Hongchi"]
[Black "Martinez Alcantara, Jose Eduardo"]
[Result "0-1"]
[WhiteElo "2362"]
[BlackElo "2606"]
[Annotator "TA"]
[PlyCount "118"]
[EventDate "2020.01.02"]
[EventType "swiss"]
[EventCountry "ITA"]
[SourceTitle "playchess.com"]
[Source "ChessBase"]
[SourceQuality "1"]

{[%evp 27,118,0,10,0,0,0,5,0,0,0,13,11,11,0,0,-13,14,13,14,7,7,0,0,-46,-42,-40,-50,-58,-63,-57,-44,-44,-42,-43,-25,-46,-29,-38,0,0,0,-18,-18,-40,-15,-40,-37,-66,-70,-67,-64,-63,-69,-80,-75,-274,-74,-64,-74,-78,-47,-91,-91,-91,-91,-91,-91,-91,-91,-81,-81,-121,-121,-539,-502,-639,-310,-734,-693,-693,-671,-801,-831,-788,-606,-475,-475,-802,-786,-668,-468,-29977,-29978]} 1. e4 c5 2. Nf3 Nc6 3. d4 cxd4 4. Nxd4 Nf6 5. Nc3 e5 6. Ndb5 d6 7. Bg5 a6 8. Na3 b5 9. Nd5 Be7 10. Bxf6 Bxf6 11. c3 O-O 12. Nc2 Rb8 13. g3 Bg5 14. Bg2 a5 15. O-O {B33: Sicilian: Pelikan and Sveshnikov Variations} Ne7 16. Nce3 Bxe3 17. Nxe3 {The position is equal.} Be6 18. Qd3 Qb6 19. Rfd1 Rfd8 20. Rd2 b4 21. c4 {[#]} Qc5 $146 ({Predecessor:} 21... Nc6 22. Rc1 a4 {1-0 (58) L'Ami,E (2541)-Sveshnikov,E (2507) Stepanakert 2005}) 22. b3 Nc6 23. Nc2 a4 24. Rad1 Ra8 25. Qe3 Qxe3 26. fxe3 Bg4 27. Rb1 axb3 28. axb3 Ra2 29. Ra1 Rxa1+ 30. Nxa1 Rd7 31. Nc2 Kf8 32. Rd5 $1 Rb7 33. Rxd6 Na5 34. h3 Be6 35. Rd3 Ke7 {[%mdl 1024] Black has compensation.} 36. Bf1 Rb6 37. Na1 Nb7 38. Rd2 Nc5 39. Ra2 Nxe4 40. Bg2 Nc5 41. Kf1 $2 {[#]} (41. Ra7+ $17 Kd6 42. g4) 41... Bf5 $2 (41... Nxb3 $1 $19 {[%mdl 512]} 42. Ra7+ (42. Nxb3 Bxc4+) 42... Kf6 43. Nxb3 Bxc4+ {[%mdl 64] Double Attack} 44. Ke1 Bxb3) 42. Ra7+ $17 Kd6 43. Ke2 Bd3+ 44. Ke1 e4 45. Bf1 Ra6 46. Rxa6+ Nxa6 {[%mdl 4096] Endgame KBN-KBN} 47. Be2 Nc5 48. Bd1 Ke5 49. Kd2 g5 50. Kc1 $2 {[%mdl 8192]} (50. Ke1 $17 {was the crucial defense.}) 50... f5 $19 51. Kb2 Bf1 (51... f4 $142 52. gxf4+ gxf4 53. exf4+ Kxf4) 52. h4 $2 (52. Kc2) 52... gxh4 53. gxh4 f4 54. exf4+ Kxf4 55. Nc2 Nd3+ 56. Kb1 e3 57. Nd4 (57. c5 $142 Nxc5 58. Nxb4) 57... Ke4 58. Ne6 h6 59. Bc2 {[#]} (59. Nc7 $19) 59... Ke5 {Accuracy: White = 37%, Black = 61%.} 0-1

[Event "Montebelluna Elite 2020"]
[Site "Montebelluna"]
[Date "2020.01.03"]
[Round "1.3"]
[White "Erigaisi Arjun"]
[Black "Barrish, Daniel"]
[Result "1-0"]
[WhiteElo "2575"]
[BlackElo "2352"]
[Annotator "TA"]
[PlyCount "65"]
[EventDate "2020.01.02"]
[EventType "swiss"]
[EventCountry "ITA"]
[SourceTitle "playchess.com"]
[Source "ChessBase"]
[SourceQuality "1"]

{[%evp 9,65,2,8,-8,8,10,16,2,21,29,22,25,79,23,29,24,29,21,30,25,25,22,25,25,24,20,30,34,31,-56,-46,-64,-50,-70,-60,-59,85,81,120,141,138,137,127,127,157,132,472,475,467,460,447,440,693,530,902,872,1336,1310]} 1. c4 e5 2. e3 Nf6 3. Nc3 Bb4 4. Nge2 O-O 5. a3 Be7 6. Qc2 {A22: English Opening: 1...e5 2 Nc3 Nf6} (6. d4 exd4 7. exd4 d5 8. Nf4 Re8 9. Be3 Ng4 10. Qf3 c5 11. O-O-O Nc6 12. Ncxd5 cxd4 13. Nxe7+ Rxe7 14. Bd2 Nce5 {1-0 (69) Rakhmanov,A (2629)-Aronian,L (2765) St Petersburg 2018}) 6... d6 7. d4 a5 $146 ({Predecessor:} 7... Re8 8. dxe5 dxe5 9. Ng3 a5 10. Be2 c6 11. O-O Na6 12. Rd1 Qc7 13. Bd2 Be6 {0-1 (33) Gyurkovics,M (2153)-Nguyen,H (2493) Budapest 2015}) 8. e4 {The position is equal.} c6 9. f3 Ne8 10. Be3 Bg5 (10... Nd7 $11 {remains equal.}) 11. Qd2 (11. Bf2 $16) 11... Bxe3 $11 12. Qxe3 Nc7 13. O-O-O {aiming for dxe5.} Qe7 14. Ng3 Nba6 15. f4 Rb8 16. fxe5 dxe5 17. d5 $36 {[%mdl 2048] Hoping for d6. White is pushing.} Qc5 18. Qxc5 $1 Nxc5 19. Kc2 ({White should try} 19. b4 $1 $14 Nb3+ 20. Kb2 axb4 21. axb4 (21. Kxb3 bxc3 22. Kxc3 Bd7 $15)) 19... a4 $1 $15 20. Be2 Bd7 21. Nf5 g6 $1 {[%cal Rg6f5]} 22. Nd6 Nb3 (22... cxd5 $15 23. Nxd5 (23. cxd5 $2 b5 $19) (23. exd5 f5 $15) 23... N7e6) 23. Nxa4 $16 Nd4+ 24. Rxd4 $1 exd4 {[#]} 25. Nb6 $1 {[%cal Rb6d7]} Rfd8 {[#]} 26. c5 $1 cxd5 27. exd5 Ne8 $2 {[%mdl 8192]} (27... Na8 $16 {is a better chance.}) 28. Nxd7 $18 {[%mdl 64] Overworked Piece. White is clearly winning.} Rxd7 29. Nxe8 Rxe8 30. Bb5 {[%mdl 64] Skewer} Red8 (30... Rxd5 $142 31. Bxe8 Rxc5+ 32. Kd3 Re5) 31. d6 b6 32. Bxd7 {Black must now prevent c6.} Rxd7 33. b4 {Accuracy: White = 71%, Black = 39%.} 1-0

[Event "Montebelluna Elite 2020"]
[Site "Montebelluna"]
[Date "2020.01.03"]
[Round "1.4"]
[White "Liu, Zhaoqi"]
[Black "Sumets, Andrey"]
[Result "0-1"]
[WhiteElo "2328"]
[BlackElo "2566"]
[Annotator "TA"]
[PlyCount "110"]
[EventDate "2020.01.02"]
[EventType "swiss"]
[EventCountry "ITA"]
[SourceTitle "playchess.com"]
[Source "ChessBase"]
[SourceQuality "1"]

{[%evp 10,110,18,25,40,0,0,0,4,31,25,31,3,0,0,0,22,20,14,0,36,13,0,-83,-79,-83,-75,-82,-20,-27,-20,-109,-108,-104,-99,-97,-62,-135,-131,-150,-101,-94,-110,-106,-106,-118,-100,-99,-99,-89,-93,-151,-166,-165,-142,-156,-152,-165,-161,-177,-157,-158,-171,-169,-136,-211,-114,-138,-131,-131,-126,-368,-322,-2463,-2667,-1904,-2280,-29960,-29961,-29966,-29967,-29967,-29968,-29969,-29970,-29972,-29973,-29973,-29974,-29973,-29975,-29974,-29975,-29976,-29977,-29979,-29980,-29984,-29983,-29989,-29990,-29990,-29991]} 1. c4 Nf6 2. Nc3 e6 3. e4 d5 4. cxd5 ({Predecessor:} 4. e5 Ne4 5. Nf3 Be7 6. cxd5 {1-0 (31) Drazic,S (2533)-Brunello,S (2477) Brescia 2009}) 4... exd5 5. e5 Ne4 6. Nf3 ({Much worse is} 6. Nxe4 dxe4 7. Qa4+ Nc6 $15) 6... Be7 $146 {A18: English Opening: Flohr-Mikenas System (1 c4 Nf6 2 Nc3 e6 3 e4)} (6... Bf5 7. Be2 d4 8. Nxe4 Bxe4 9. Bc4 Bd5 10. Qb3 Bxc4 11. Qxc4 Nc6 12. O-O Qd7 13. d3 Be7 14. a3 {1-0 (37) Kovalenko,I (2674)-Lupulescu,C (2643) Khanty-Mansiysk 2019}) 7. Nxe4 dxe4 8. Qa4+ {[%mdl 64] [#] Double Attack} Nc6 {The position is equal.} 9. Qxe4 Be6 10. Bc4 Qd7 11. Bxe6 Qxe6 12. O-O f5 13. Qa4 O-O-O 14. d4 h6 15. Rb1 {Black must now prevent b4.} a6 16. b4 (16. Rd1 $11) 16... Nxd4 $17 17. Nxd4 Rxd4 18. a3 f4 ({And not} 18... Qxe5 19. Bb2 $16) (18... Rhd8 $17) 19. Qb3 $1 $11 {[%cal Rb3e6]} Qg6 20. Qh3+ (20. b5 $1 $11) 20... Kb8 $17 21. Rb3 Rhd8 {[#] Threatens to win with ...Rd1.} 22. Qf3 Qf5 23. Be3 (23. h3 $15) 23... Rc4 24. b5 {And now bxa6 would win.} axb5 25. Rxb5 {[%csl Gb5][%cal Rf3b7]} Qe4 26. Qxe4 Rxe4 27. Bc1 c6 28. Rb3 g5 29. g3 fxg3 30. Rxg3 (30. hxg3 $142 Rxe5 31. Kg2) 30... Rxe5 31. f4 Red5 32. Kg2 Rd1 33. Rxd1 Rxd1 {[%mdl 4096] Endgame KRB-KRB} 34. Rc3 Kc8 35. Kf3 Kd7 36. Kg4 Ke6 37. Kh5 (37. Re3+ $17 {was necessary.} Kf7 38. Rc3) 37... Rg1 (37... Bd6 $19 38. fxg5 hxg5 39. Bxg5 Bxh2 40. Re3+ Kd5) 38. fxg5 Bxg5 39. Bxg5 hxg5 {KR-KR} ({Much weaker is} 39... Rxg5+ $6 40. Kxh6 Rg4 41. h3 $11) 40. Rb3 $2 (40. a4 $17) 40... b5 $19 41. a4 $2 (41. Rd3) 41... bxa4 42. Ra3 c5 43. Rxa4 Kd5 {Black mates.} 44. Kg6 c4 45. Ra8 c3 46. Rc8 Kd4 47. Kf5 Rg2 48. Rd8+ Ke3 49. Re8+ Kd2 50. Rd8+ Kc1 51. Ke4 Rxh2 52. Rf8 c2 53. Kd3 Rh3+ 54. Ke2 Kb2 55. Rb8+ Rb3 {Accuracy: White = 39%, Black = 68%.} 0-1

[Event "Montebelluna Elite 2020"]
[Site "Montebelluna"]
[Date "2020.01.03"]
[Round "1.5"]
[White "Demidov, Mikhail"]
[Black "Fischer, Daniel"]
[Result "1/2-1/2"]
[WhiteElo "2552"]
[BlackElo "2327"]
[Annotator "TA"]
[PlyCount "309"]
[EventDate "2020.01.02"]
[EventType "swiss"]
[EventCountry "ITA"]
[SourceTitle "playchess.com"]
[Source "ChessBase"]
[SourceQuality "1"]

{[%evp 17,309,0,0,-1,-8,-6,0,0,10,10,10,8,9,7,5,0,0,0,2,-2,0,0,0,0,0,0,0,0,0,0,0,0,0,-27,-15,-48,-33,-38,-37,-34,-27,-25,-16,-18,-12,-32,-22,-26,-10,-10,-10,-10,-10,-10,-10,-19,0,-10,-10,-10,0,-10,0,-10,-10,-10,-10,-18,0,-10,0,-16,0,-14,0,-27,0,-35,0,-10,-10,-10,-10,-24,0,-10,0,-11,0,-11,0,-11,0,-20,0,-17,0,-14,0,-4,0,-11,0,-14,0,-20,0,-7,0,0,0,0,0,0,0,0,7,0,0,0,0,0,0,0,0,0,0,-30,-17,-8,-8,-25,-8,-8,-8,-10,-8,-176,0,0,0,0,0,0,0,0,11,11,11,0,0,0,0,0,0,0,0,0,11,11,12,0,12,11,11,11,29,29,29,12,29,4,4,4,11,10,29,29,29,10,29,29,29,29,37,31,33,5,5,0,41,0,45,23,28,25,28,2,4,9,12,10,41,10,17,0,13,0,76,75,77,78,85,85,77,80,94,93,96,25,35,0,0,0,0,0,101,0,0,0,0,0,0,0,0,0,0,0,0,0,0,0,0,0,0,0,0,0,0,0,0,0,0,0,0,0,0,0,0,0,0,0,0,0,0,0,0,0,0,0,0,0,0,0,0,0,0,0,0,0,0,0,0,0,0,0,0,0,0,0,0,0,0,0]} 1. Nf3 d5 2. g3 Bg4 3. Bg2 c6 4. c4 e6 5. cxd5 Bxf3 6. Bxf3 cxd5 7. O-O Nf6 8. Nc3 Be7 9. d3 Nc6 10. Bd2 {A11: English Opening: 1...c6} (10. d4 O-O 11. e3 Rc8 12. Bd2 Nd7 13. Qe2 Nb6 14. Rfd1 Qd7 15. Be1 Rfd8 16. Rac1 a6 17. Bg2 Rc7 18. h4 h6 19. Qc2 {½-½ (19) Cordova,E (2655)-Matlakov,M (2701) Moscow 2017}) 10... O-O 11. Bg2 Qd7 12. Qa4 a6 13. Rfc1 b5 $1 {[%cal Rb5a4]} 14. Qd1 Rfc8 15. a3 Rab8 $146 ({Predecessor:} 15... h6 16. b4 Rab8 17. Na2 Bd6 {1-0 (55) Buchal,S (2309)-Khanukov,B (2295) Berlin 2017}) 16. h3 h6 17. Na2 a5 18. Nc3 a4 19. Na2 Nd4 20. Rxc8+ Rxc8 21. Rc1 Nb3 22. Rxc8+ Qxc8 23. Be1 Ne8 24. e4 Nf6 25. Nc3 {[%cal Re4d5]} d4 26. Ne2 Nd7 27. f4 e5 28. Bf2 Bf6 29. Bf3 Ndc5 30. Kg2 Qa6 31. fxe5 Bxe5 32. Nf4 Qd6 33. Nd5 g6 34. h4 h5 35. Be1 Kg7 36. Nb4 Kg8 37. Qc2 Bg7 38. Nd5 Be5 39. Nb4 Kg7 40. Bd1 Qe6 41. Qf2 Kg8 42. Qf3 Kg7 43. Nd5 Kg8 44. Bb4 Kg7 45. Be2 Kg8 46. Bf1 Kg7 47. Qf2 Kg8 48. Qc2 Qd6 49. Be1 Kg7 50. Nb4 Kg8 51. Be2 Kg7 52. Bd1 Kg8 53. Qe2 Kg7 54. Bc2 Kg8 55. Qf3 Kg7 56. Nd5 Qe6 57. Bb4 Kg8 58. Qd1 Kg7 59. Be1 Kg8 60. Qf3 Kg7 61. Qd1 Kg8 62. Nf4 {[%cal Bd5f4,Bf4h3,Bh3g5,Bg5f3][%mdl 32]} Qf6 63. Nh3 Qd6 64. Ng5 Qf6 65. Bb4 Kg7 66. Nf3 Bc7 67. Be1 Kg8 68. Bf2 Qd6 69. Qe1 Ba5 70. Qg1 {[%cal Rf3d4]} Bc7 71. Qd1 Bb6 72. Nd2 {[%cal Rd2b3]} (72. Qg1 {is more complex.} Qc7 73. Qe1 Qd7 74. Ne5 Qc7 75. Nf3) 72... Nxd2 73. Qxd2 Nd7 74. Be1 Ne5 75. Bd1 $1 Bc7 76. Qc2 Nc6 77. b3 $2 (77. b4 $11 {and White is okay.}) 77... axb3 $2 (77... b4 $19 78. Qb1 bxa3 79. bxa4 Ne5) 78. Qxb3 $11 Qc5 79. a4 bxa4 80. Qxa4 Bd6 81. Bf2 Be5 82. Bb3 Kg7 83. Bc4 Bf6 84. Bd5 Nb4 85. Bc4 {Hoping for Qd7!} Nc6 86. Qb5 Qxb5 87. Bxb5 {[%mdl 4096] Endgame KBB-KBN} Ne7 88. Be1 Be5 89. Bb4 Nc8 90. Kf3 Nd6 91. Bd7 Kf6 92. g4 hxg4+ 93. Bxg4 Nb5 94. h5 gxh5 95. Bxh5 Nd6 96. Bg4 Kg5 97. Bd7 Kf6 98. Ba3 Ke7 99. Bc6 Kf6 100. Kg4 Kg6 101. Bd7 Kf6 102. Kh5 Bf4 103. Bc5 Be5 104. Kh6 Ke7 105. Bh3 Kf6 106. Bb6 {[%cal Rb6d8] [#]} Ke7 107. Kh7 Ne8 108. Bc5+ Nd6 109. Kg8 Bf6 110. Bg4 (110. Bxd6+ $5 Kxd6 111. Kxf7 $14) 110... Be5 111. Bd1 Bf4 112. Bxd4 {And now Bg4 would win.} f6 (112... f5 $11) 113. Bg4 $16 Nb5 114. Bc5+ Bd6 115. Be3 Be5 116. Bh6 Nd4 {[#]} 117. Bf8+ $1 Ke8 118. Bc5 (118. Ba3 $16) 118... Nb3 $11 119. Ba3 {Black must now prevent Bh5+.} Bd4 $1 120. Bh5+ Kd7 121. Kf7 Kc6 (121... Nc5 $11) 122. Be7 ({Better is} 122. Be2 $16) 122... Nc1 {The position is equal.} 123. Ke6 {Threatens to win with Be8+.} Nxd3 {aiming for ...Nf4+.} 124. Be8+ Kc7 125. Bd6+ Kd8 126. Bb5 Nc5+ 127. Kd5 (127. Kf7 {looks sharper.} Nxe4 128. Bb4 Nd6+ 129. Bxd6) 127... Nxe4 $1 128. Kxe4 Be5 129. Bc5 Kc7 130. Kd5 Bh2 131. Bd3 Bg3 132. Bb4 Bf2 133. Bc3 Kb6 134. Bxf6 Bg1 135. Bd8+ Kb7 136. Bb5 Bb6 137. Bg5 (137. Bc6+ {is interesting.}) 137... Bg1 138. Bd8 Bb6 139. Bc6+ Ka7 140. Bf6 Bg1 141. Kd6 Bh2+ 142. Kc5 Bg1+ 143. Kb5 Bf2 144. Bd8 Bg1 145. Be4 Bf2 146. Kc6 Bg1 147. Bd3 Bf2 148. Be7 Bg1 149. Kc7 Bh2+ 150. Kc6 Bg1 151. Bd6 Bf2 152. Kc7 Bg1 153. Kc8 Bf2 154. Bc7 Bg1 155. Bf1 {Accuracy: White = 52%, Black = 49%.} 1/2-1/2

[Event "Montebelluna Elite 2020"]
[Site "Montebelluna"]
[Date "2020.01.03"]
[Round "1.6"]
[White "Loiacono, Leonardo"]
[Black "Delchev, Aleksander"]
[Result "0-1"]
[WhiteElo "2327"]
[BlackElo "2550"]
[Annotator "TA"]
[PlyCount "74"]
[EventDate "2020.01.02"]
[EventType "swiss"]
[EventCountry "ITA"]
[SourceTitle "playchess.com"]
[Source "ChessBase"]
[SourceQuality "1"]

{[%evp 15,74,10,18,-16,7,6,12,6,6,-5,0,0,0,0,0,0,0,-13,0,-30,-4,-33,0,-5,-5,-2,0,-73,-37,-44,-20,-59,-52,-66,-56,-80,-10,-41,0,-75,-93,-75,-78,-96,-52,-39,-65,-131,-140,-135,-135,-184,-187,-187,-184,-194,-185,-192,-183,-897,-896]} 1. d4 Nf6 2. c4 e6 3. Nc3 Bb4 4. Qc2 d5 5. cxd5 Qxd5 6. Nf3 Qf5 7. Qxf5 exf5 8. a3 Be7 9. e3 {E34: Nimzo-Indian: Classical: 4...d5} (9. Bf4 c6 10. e3 Be6 11. Nd2 Nbd7 12. Nc4 Bxc4 13. Bxc4 Nh5 14. Be5 O-O 15. h3 Nxe5 16. dxe5 g6 {1-0 (46) Gupta,A (2634)-Melkumyan,H (2633) London 2016}) 9... Be6 10. Bd3 g6 11. O-O $146 {The position is equal.} ({Predecessor:} 11. Bd2 c6 12. b4 Nd5 13. Na4 Nd7 14. Ke2 O-O 15. Rhc1 Rfc8 16. Rc2 N5f6 {½-½ (40) Arlandi,E (2458)-Brunello,S (2301) Porto San Giorgio 2006}) 11... Nbd7 12. Bd2 Nb6 13. Rfc1 c6 14. b4 a6 15. Be1 O-O 16. Ne2 Nfd5 17. Rab1 Rfd8 18. Rc2 Bd6 19. Ng5 Bc8 20. Nc1 f4 21. Re2 (21. Bd2 $11) 21... fxe3 22. fxe3 Bg4 23. Nf3 Na4 {aiming for ...Nac3.} 24. Rb3 Re8 25. Bd2 Re7 (25... Bf8 $17) 26. h3 Bd7 27. Re1 (27. Bc2 $11 {remains equal.}) 27... Bg3 $36 {[%mdl 2048] Black is on the roll.} 28. Re2 Rae8 29. Bc2 Nab6 {[%cal Ba4b6,Bb6c4,Bc4a3,Ba3b5,Bb5c3,Bc3d1][%mdl 32]} 30. e4 Nf4 31. Bxf4 (31. e5 $1 $15) 31... Bxf4 32. Rb1 Nc4 33. Bd3 Nxa3 34. Ra1 Nb5 35. e5 Nc3 36. Rb2 Be6 37. Kf2 $2 {[#]} (37. Ne2 Nxe2+ 38. Rxe2) 37... Nd1+ {[%mdl 64] Double Attack. Accuracy: White = 47%, Black = 55%.} 0-1

[Event "Montebelluna Elite 2020"]
[Site "Montebelluna"]
[Date "2020.01.03"]
[Round "1.7"]
[White "Zanan, Evgeny"]
[Black "Nandhidhaa, P V"]
[Result "1/2-1/2"]
[WhiteElo "2503"]
[BlackElo "2312"]
[Annotator "TA"]
[PlyCount "109"]
[EventDate "2020.01.02"]
[EventType "swiss"]
[EventCountry "ITA"]
[SourceTitle "playchess.com"]
[Source "ChessBase"]
[SourceQuality "1"]

{[%evp 13,109,0,6,0,5,16,22,20,11,0,0,0,0,6,72,58,79,65,95,83,87,85,185,122,100,115,110,129,129,92,122,121,148,147,119,105,124,108,108,110,139,136,145,146,144,143,174,176,276,272,334,95,100,0,0,0,0,0,0,0,0,0,0,0,0,0,0,0,0,0,0,0,0,0,0,0,0,0,0,0,0,0,0,0,0,0,0,0,0,0,0,0,0,0,0,0,0,0]} 1. d4 Nf6 2. c4 e6 3. Nf3 d5 4. g3 Bb4+ 5. Bd2 Be7 6. Bg2 O-O 7. O-O c6 8. Bc3 {E11: Bogo-Indian} (8. Qc2 Nbd7 9. a4 a5 10. Na3 Ne4 11. Be3 f5 12. Ne1 Bd6 13. Nd3 Qe7 14. Bf4 Bxf4 15. Nxf4 Ndf6 16. Nd3 Bd7 {½-½ (47) Swiercz,D (2651)-Oparin,G (2654) Columbia 2019}) 8... dxc4 9. a4 b5 10. axb5 cxb5 11. Ne5 Nd5 12. Ba5 Qe8 $1 13. b3 cxb3 (13... Nc6 $11) 14. Qxb3 $16 Bb7 15. Nc3 $36 {[%cal Rg2d5][%mdl 2048] White has some pressure.} Nc6 $146 ({Predecessor:} 15... Nxc3 16. Bxb7 Nxe2+ {1-0 (52) Beikert,G (2415)-Zeller,F (2290) Bad Wildbad 1993}) 16. Nxd5 exd5 17. Qxb5 Rb8 {[#]} (17... Nxa5 $16 18. Rxa5 (18. Qxa5 Bd8 $16) 18... Bd8) 18. Qxd5 ({White should play} 18. Bc7 $1 $18 {[%cal Rc7b8]} Nxe5 19. Qxe8 Rbxe8 20. Bxe5 (20. Rxa7 Nc6 $16)) 18... Nxe5 19. Qxe5 Bxg2 20. Kxg2 Qd7 21. Qf4 Rb5 22. Rfd1 Rf5 23. Qe4 Re8 24. Be1 Rh5 25. Kg1 a5 26. Qf3 ({Worse is} 26. Rxa5 Rxa5 27. Bxa5 Bd8 $17) 26... Rf5 27. Qg4 h5 {[#]} 28. Qh3 $1 Bd8 29. e3 a4 30. Rdc1 g5 (30... g6 {was necessary.} 31. Rc4 a3 32. Rxa3 Qb5) 31. Qxh5 $18 Kg7 32. Qg4 $2 (32. Qd1 $18 {and White stays clearly on top.}) 32... Rxe3 $16 33. fxe3 (33. Rxa4 $16 {Hoping for Ra8.} Qxa4 34. Qxf5 (34. fxe3 Qa3 $16)) 33... Rf1+ $11 {The position is equal.} 34. Kxf1 Qxg4 35. Bf2 Qd7 36. Rc4 Qd5 37. Raxa4 Qh1+ 38. Ke2 Qxh2 39. d5 Be7 40. Ra6 Bf6 41. d6 {And now d7 would win.} Qh1 42. d7 Qd5 43. Rcc6 Be7 44. Rd6 Qc4+ 45. Kf3 g4+ 46. Kg2 Qe4+ $1 47. Kg1 {Threatens to win with Ra1.} Qb1+ 48. Kh2 Qc2 49. Kg1 Qb1+ 50. Kg2 Qe4+ 51. Kf1 Qh1+ 52. Ke2 {Ra4 is the strong threat.} Qf3+ 53. Ke1 {Strongly threatening Ra4.} Qh1+ 54. Ke2 {aiming for Ra4.} Qf3+ 55. Ke1 {Accuracy: White = 64%, Black = 66%.} 1/2-1/2

[Event "Montebelluna Elite 2020"]
[Site "Montebelluna"]
[Date "2020.01.03"]
[Round "1.8"]
[White "La Manna, Andrea"]
[Black "Radovanovic, Mihajlo"]
[Result "0-1"]
[WhiteElo "2298"]
[BlackElo "2485"]
[Annotator "TA"]
[PlyCount "67"]
[EventDate "2020.01.02"]
[EventType "swiss"]
[EventCountry "ITA"]
[SourceTitle "playchess.com"]
[Source "ChessBase"]
[SourceQuality "1"]

{[%evp 14,67,53,52,42,7,40,-8,-18,-18,-12,-20,36,0,34,-52,19,19,70,31,50,14,20,-18,12,-37,-32,-63,-64,-39,0,0,-7,-7,-17,-2,-16,-54,-39,-83,-63,-183,-195,-262,-256,-237,-168,-238,-196,-188,-189,-499,0,0,193,229]} 1. d4 Nf6 2. c4 g6 3. Nc3 Bg7 4. e4 d6 5. f3 O-O 6. Be3 a6 7. Qd2 Nc6 8. Nge2 Na5 {E83: King's Indian: Sämisch Panno (6...Nc6): Lines without either Nge2 or Qd2} (8... Rb8 9. Rc1 Bd7 10. Nd1 Re8 11. Nf2 b5 12. c5 dxc5 13. Rxc5 e5 14. d5 Ne7 15. Rc1 c6 16. dxc6 Nxc6 17. Nd3 Qe7 {½-½ (33) Vidit,S (2707)-Amin,B (2707) Danzhou 2019}) 9. Ng3 b5 10. cxb5 axb5 {[%cal Ba6b5,Bb5b4][%mdl 32] The position is equal.} 11. Rc1 b4 12. Nd1 Rb8 (12... Nb7 $11) 13. Be2 c6 14. Nf2 $146 (14. b3 $14) ({Predecessor:} 14. b3 Nd7 15. Bh6 Bxh6 16. Qxh6 {½-½ (38) Hohler,P (2159)-Zhelnin,V (2455) Radebeul 2016}) 14... Qb6 (14... Be6 $15) 15. O-O Ba6 (15... b3 $11) 16. Bxa6 Qxa6 17. Qd3 Qb7 18. Bd2 Ra8 19. f4 (19. a3 $5 {[%cal Ra3b4]} b3 20. Ne2 $14) 19... Nd7 20. Be3 b3 21. a3 d5 22. e5 e6 23. Qe2 Nc4 24. Nd3 Qb5 25. Rc3 Rfb8 26. Rfc1 Bf8 27. h4 (27. Qf2 $15) 27... Ndb6 $19 28. h5 (28. Rb1 $142) 28... Na4 29. hxg6 hxg6 {aiming for ...Bxa3.} ({Not} 29... Nxc3 30. gxf7+ Kxf7 31. Rxc3 $16) 30. f5 Nxc3 ({And not} 30... gxf5 31. Qh5 $11) 31. Rxc3 {next fxg6 is good for White.} exf5 {...Nxa3! is the strong threat.} ({But not} 31... gxf5 32. Qh5 $11) 32. Nf4 $2 {[#]} (32. Qf2 {is tougher.}) 32... Nxa3 $2 (32... Nxb2 $1 $19 33. Qxb2 Bxa3) 33. Qf3 $11 Nc2 $2 {[#]} (33... Ra6 $11 {and Black has nothing to worry.} 34. Nfh5 c5 35. Nf6+ Rxf6 $1 {[%mdl 512]} 36. exf6 Qb4) 34. Nfh5 $1 {[%mdl 33280] Accuracy: White = 36%, Black = 41%. . Loss on time!?} 0-1